Music Quiz

Random Music or Artist Quiz

Extreme Song Intro Quiz (Name That Tune) Stats

Quiz not verified by Sporcle

Challenge
Share
Tweet
Score 0/47 Timer 20:00
0 Plays Today
# Song title % Correct
13Mambo No. 5
78.5%
3Gangster's Paradise
75.9%
7I Gotta Feeling
71.5%
26All Star
70.1%
37Sweet Child O' Mine
70.1%
4Call Me Maybe
64.6%
31All the Small Things
59.1%
2Genie in a Bottle
56.2%
24Sk8er Boi
55.1%
19Never Gonna Give You Up
54.4%
25Somebody That I Used to Know
54.4%
12Men in Black
53.3%
33I'm Yours
51.8%
17In The End
50.7%
15Song 2
47.1%
39Cry Me a River
45.3%
18Careless Whisper
43.8%
6Whatcha Say
39.4%
10My Own Worst Enemy
37.6%
28Freak on a Leash
36.9%
32Fat Lip
36.5%
8Hello
31.8%
43It's Gonna Be Me
30.3%
23Paparazzi
29.6%
# Song title % Correct
27Whataya Want From Me
28.8%
42The Thong Song
28.1%
22Stronger
27.7%
14My Name Is
27.4%
45Say My Name
27.4%
41Californication
26.3%
36My Immortal
25.9%
38California Dreamin'
25.5%
1Heart of Glass
25.2%
5Toxicity
24.8%
212 Become 1
24.5%
40The Boy is Mine
21.5%
9The Kids Aren't Alright
21.2%
29Nookie
17.9%
11Summer in the City
16.8%
47S Club Party
15.3%
34Ex-Girlfriend
12%
20Are You That Somebody
10.9%
35There You'll Be
9.5%
16Come With Me
6.6%
30Hello Time Bomb
4%
44Sucks to Be You
3.6%
46I Wanna Love You Forever
2.2%

You're not logged in!

Compare scores with friends on all Sporcle quizzes.
Sign Up with Email
OR
Log In

You Might Also Like...

Show Comments

Extras

Top Quizzes Today


Score Distribution

Your Account Isn't Verified!

In order to create a playlist on Sporcle, you need to verify the email address you used during registration. Go to your Sporcle Settings to finish the process.